The etymology and semantics of ornaments in Armenian carpets / (Record no. 535513)
[ view plain ]
| 000 -LEADER | |
|---|---|
| fixed length control field | 01643nam a2200349 a 4500 |
| 001 - CONTROL NUMBER | |
| control field | 1938623 |
| 003 - CONTROL NUMBER IDENTIFIER | |
| control field | AM-YeHGA |
| 005 - DATE AND TIME OF LATEST TRANSACTION | |
| control field | 20251016105724.0 |
| 008 - FIXED-LENGTH DATA ELEMENTS--GENERAL INFORMATION | |
| fixed length control field | 240122s2023 ai ab||gr||||o00||0|eng|d |
| 020 ## - INTERNATIONAL STANDARD BOOK NUMBER | |
| International Standard Book Number | 9789939929279 |
| 040 ## - CATALOGING SOURCE | |
| Original cataloging agency | AM-YeHGA |
| 041 1# - LANGUAGE CODE | |
| Language code of text/sound track or separate title | eng |
| Language code of original | arm |
| 100 1# - MAIN ENTRY--PERSONAL NAME | |
| Personal name | Avanesyan, Lilia |
| 245 14 - TITLE STATEMENT | |
| Title | The etymology and semantics of ornaments in Armenian carpets / |
| Statement of responsibility, etc. | Lilia Avanesyan ; edited by Nzhdeh Yeranyan and Astghik Israelyan ; English text edited by Sophia Colello ; translated by Naira Avanesyan ; photographs by Oxana Lebedeva-Skochko ; History Museum of Armenia. |
| 260 ## - PUBLICATION, DISTRIBUTION, ETC. | |
| Place of publication, distribution, etc. | Yerevan : |
| Name of publisher, distributor, etc. | History museum of Armenia, |
| Date of publication, distribution, etc. | 2023. |
| 300 ## - PHYSICAL DESCRIPTION | |
| Extent | 198 p. : |
| Other physical details | ill., maps ; |
| Dimensions | 31 cm. |
| 500 ## - GENERAL NOTE | |
| General note | Գրքի թվային տարբերակը Հայաստանի ազգային գրադարանին է տրամադրել ԿԳՄՍ նախարարությունը ։ |
| 500 ## - GENERAL NOTE | |
| General note | Published with the support of the Ministry of Education , Science, Culture and Sport of the Republic of Armenia. |
| 500 ## - GENERAL NOTE | |
| General note | Maps on lining papers. |
| 504 ## - BIBLIOGRAPHY, ETC. NOTE | |
| Bibliography, etc. note | Includes bibliographical references. |
| 650 14 - SUBJECT ADDED ENTRY--TOPICAL TERM | |
| Topical term or geographic name entry element | Rugs, Armenian |
| General subdivision | Themes, motives |
| 650 14 - SUBJECT ADDED ENTRY--TOPICAL TERM | |
| Topical term or geographic name entry element | Carpets |
| Geographic subdivision | Armenia |
| General subdivision | Themes, motives |
| 650 14 - SUBJECT ADDED ENTRY--TOPICAL TERM | |
| Topical term or geographic name entry element | Decoration and ornament |
| Geographic subdivision | Armenia |
| 700 1# - ADDED ENTRY--PERSONAL NAME | |
| Personal name | Yeranyan, Nzhdeh |
| Relationship | edt |
| 700 1# - ADDED ENTRY--PERSONAL NAME | |
| Personal name | Israelyan, Astghik |
| Relationship | edt |
| 700 1# - ADDED ENTRY--PERSONAL NAME | |
| Personal name | Colello, Sophia |
| Relationship | edt |
| 700 1# - ADDED ENTRY--PERSONAL NAME | |
| Personal name | Avanesyan, Naira |
| Relationship | trl |
| 700 1# - ADDED ENTRY--PERSONAL NAME | |
| Personal name | Lebedeva-Skochko, Oxana |
| Relationship | pht |
| 710 2# - ADDED ENTRY--CORPORATE NAME | |
| Corporate name or jurisdiction name as entry element | Հայաստանի պատմության թանգարան |
| 856 41 - ELECTRONIC LOCATION AND ACCESS | |
| Uniform Resource Identifier | <a href="http://haygirk.nla.am/upload/1941-/avanesyan_carpet_print_crop_2023.pdf">http://haygirk.nla.am/upload/1941-/avanesyan_carpet_print_crop_2023.pdf</a> |
| Link text | Կարդալ առցանց |
| 942 ## - ADDED ENTRY ELEMENTS (KOHA) | |
| Source of classification or shelving scheme | Universal Decimal Classification |
| Koha item type | Գրքեր / Books |
| Withdrawn status | Lost status | Damaged status | Not for loan | Collection | Home library | Current library | Date acquired | Total checkouts | Full call number | Barcode | Date last seen | Price effective from | Koha item type | Public note |
|---|---|---|---|---|---|---|---|---|---|---|---|---|---|---|
| General | Fundamental Scientific Library | Fundamental Scientific Library | 25/06/2025 | И III/22516 | FL0693402 | 25/06/2025 | 25/06/2025 | Գրքեր / Books | 30 Days Loan | |||||
| General | Fundamental Scientific Library | Fundamental Scientific Library | 25/06/2025 | И III/22517 | FL0693403 | 25/06/2025 | 25/06/2025 | Գրքեր / Books | 30 Days Loan |
ՀՀ Գիտությունների ազգային ակադեմիայի հիմնարար գիտական գրադարան = Fundamental Scientific Library of NAS RA
All site content, except where otherwise noted, is licensed under a